Tous les joueurs de Chelsea de 2010 à 2024 - Statistiques

Statistiques générales
  • Ce quiz a été pris 136 fois
  • Le résultat moyen est 78 sur 159
Statistiques - réponses
Date Poste Nationalité Réponse % Correct
2004-2015 Gardien Tchèque Petr Cech
99%
2018-2023 Gardien Espagnol Kepa
93%
2020- ... Défenseur Brésilien Thiago Silva
93%
2004-20122014-2015 Attaquant Ivoirien Didier Drogba
92%
2014-2018 Gardien Belge Thibaut Courtois
92%
2000-2017 Défenseur Anglais John Terry
91%
2013-2014 Attaquant Sénégalais Demba Ba
90%
2012-2019 Attaquant Belge Eden Hazard
90%
2020-2023 Gardien Sénégalais Edouard Mendy
90%
2011-20142016-2019 Défenseur Brésilien David Luiz
88%
2014-2015 Attaquant Egyptien Mohamed Salah
88%
2016-2023 Milieu Français N'Golo Kanté
88%
2013 Milieu Belge Kevin De Bruyne
87%
2020-2023 Milieu Allemand Kai Havertz
84%
2011-20132021-2022 Attaquant Belge Romelu Lukaku
84%
2001-2014 Milieu Anglais Frank Lampard
83%
2018-2023 Milieu Croate Mateo Kovacic
83%
2013-2020 Attaquant Brésilien Willian
83%
2012-2023 Défenseur Espagnol César Azpilicueta
82%
2023- ... Attaquant Ukrainien Mykhaylo Mudryk
82%
2018-2021 Attaquant Français Olivier Giroud
79%
2019-2023 Milieu Anglais Mason Mount
78%
2022-2023 Attaquant Gabonais Pierre-Emerick Aubameyang
78%
2019- ... Défenseur Anglais Reece James
78%
2019-2023 Attaquant Américain Christian Pulisic
77%
2011-2014 Attaquant Espagnol Fernando Torres
77%
2020-2023 Attaquant Marocain Hakim Ziyech
77%
2005-2014 Milieu Ghanéen Michael Essien
77%
2023- ... Défenseur Français Axel Disasi
75%
2014-2018 Attaquant Espagnol Diego Costa
75%
2017-2018 Défenseur Anglais Dujon Sterling
75%
2023- ... Attaquant Sénégalais Nicolas Jackson
75%
2022- ... Attaquant Anglais Raheem Sterling
75%
2020-2022 Attaquant Allemand Timo Werner
75%
2017-2022 Défenseur Danois Andreas Christensen
74%
2020- ... Défenseur Anglais Ben Chilwell
74%
2008-2017 Défenseur Serbe Branislav Ivanovic
74%
2023 Attaquant Ivoirien David Datro Fofana
74%
2023- ... Milieu Argentin Enzo Fernandez
74%
2013-2014 Attaquant Camerounais Samuel Eto'o
74%
2022- ... Défenseur Français Wesley Fofana
74%
2018-2023 Milieu Italien Jorginho
73%
2012-2019 Défenseur Anglais Gary Cahill
72%
2023- ... Défenseur Français Benoit Badiashile
71%
2014-2019 Milieu Espagnol Cesc Fabregas
71%
2022-2023 Défenseur Sénégalais Kalidou Koulibaly
71%
2006-2014 Défenseur Anglais Ashley Cole
70%
2017-2022 Défenseur Allemand Antonio Rudiger
68%
2003-2010 Milieu Anglais Joe Cole
68%
2023- ... Milieu Anglais Cole Palmer
66%
2007-2012 Attaquant Français Florent Malouda
66%
2012-2017 Milieu Brésilien Oscar
66%
2015-2020 Attaquant Espagnol Pedro
66%
2010-2016 Milieu Brésilien Ramires
66%
2023- ... Milieu (off) Français Christopher Nkunku
64%
2023- ... Défenseur Français Malo Gusto
64%
2016-2022 Défenseur Espagnol Marcos Alonso
63%
2008-2012 Attaquant Français Nicolas Anelka
63%
2004-2010 Défenseur Portugais Ricardo Carvalho
63%
2017-2019 Attaquant Espagnol Alvaro Morata
62%
2022- ... Milieu Anglais Conor Gallagher
62%
2011-2014 Milieu Espagnol Juan Mata
62%
2014-2021 Défenseur Français Kurt Zouma
62%
2006-2010 Milieu Allemand Michael Ballack
62%
2023- ... Milieu Equatorien Moises Caicedo
62%
2006-2012 Attaquant Ivoirien Salomon Kalou
62%
2023 Attaquant Portugais Joao Felix
61%
2022- ... Défenseur Espagnol Marc Cucurella
61%
2023- ... Gardien Espagnol Robert Sanchez
61%
2006-2017 Milieu Nigérian John Obi Mikel
60%
2015-2016 Attaquant Burkinabé Bertrand Traoré
59%
2009-2017 Milieu Serbe Nemanja Matic
58%
2015-2016 Attaquant Colombien Radamel Falcao
58%
2013-2015 Attaquant Allemand André Schurrle
57%
2020-2024 Attaquant Albanais Armando Broja
55%
2015 Milieu Colombien Juan Cuadrado
54%
2012-2018 Milieu Nigérian Victor Moses
54%
2018-2021 Défenseur Italien Emerson
53%
2014-2016 Attaquant Français Loïc Remy
53%
2017-2021 Gardien Argentin Willy Caballero
53%
2019 Attaquant Argentin Gonzalo Higuain
52%
2007-2012 Défenseur Brésilien Alex
51%
2015-2023 Milieu Anglais Ruben Loftus-Cheek
51%
2016-2021 Attaquant Anglais Tammy Abraham
50%
2015-2017 Gardien Bosnien Asmir Begovic
49%
2013-2017 Défenseur Néerlandais Nathan Ake
49%
2016-2020 Attaquant Belge Michy Batshuayi
48%
2016-2017 Milieu Anglais Nathaniel Chalobah
47%
2021- ... Défenseur Anglais Trevoh Chalobah
47%
2008-2012 Défenseur Portugais Bosingwa
45%
2017-2019 Milieu Italien Davide Zappacosta
43%
2017-2018 Milieu Français Tiemoué Bakayoko
43%
2015-2016 Défenseur Ghanéen Abdul Rahman Baba
42%
2008-2010 Milieu Portugais Deco
42%
2023- ... Attaquant Anglais Noni Madueke
42%
2023- ... Gardien Serbe Djordje Petrovic
41%
2016-2020 Défenseur Anglais Fikayo Tomori
41%
2023- ... Milieu Belge Roméo Lavia
41%
2022-2023 Milieu Suisse Danis Zakaria
40%
2023- ... Défenseur Anglais Levi Colwill
40%
2019-2021 Milieu Ecossais Billy Gilmour
39%
2014-2015 Défenseur Brésilien Filipe Luis
39%
2021-2022 Défenseur Français Malang Sarr
38%
2016 Attaquant Brésilien Alexandre Pato
37%
2017-2018 Milieu Anglais Danny Drinkwater
37%
2018-2022 Attaquant Anglais Callum Hudson-Odoi
36%
2011-2012 Milieu Portugais Raul Meireles
34%
2011-2013 Défenseur Anglais Ryan Bertrand
33%
2010-2013 Attaquant Israélien Yossi Benayoun
30%
2023- ... Milieu Français Lesley Ugochukwu
29%
2009-2012 Attaquant Anglais Daniel Sturridge
27%
2004-2013 Défenseur Portugais Paulo Ferreira
27%
2017-2018 Attaquant Belge Charly Musonda Jr
25%
2015-2022 Attaquant Brésilien Kenedy
24%
2022-2023 Défenseur Anglais Lewis Hall
24%
2013 Milieu Néerlandais Marco van Ginkel
24%
2018-2021 Mileu Anglais Ross Barkley
24%
2016 Défenseur Américain Matt Miazga
23%
2011-2012 Milieu Espagnol Oriol Romeu
23%
2021-2022 Milieu Espagnol Saul Niguez
23%
2023- ... Attaquant Brésilien Deivid Washington
22%
20192023 Défenseur Néerlandais Ian Maatsen
21%
2021- ... Gardien Anglais Marcus Bettinelli
21%
2017-2019 Milieu Gallois Ethan Ampadu
20%
2023 Attaquant Portugais Diego Moreira
18%
2015 Attaquant Anglais Izzy Brown
18%
2022- ... Milieu Anglais Carney Chukwuemeka
17%
2009-2011 Milieu Congolais Gaël Kakuta
17%
2017 Attaquant Ivoirien Jérémie Boga
16%
2012-2013 Milieu Allemand Marko Marin
16%
2009-2011 Milieu Russe Yuriy Zhirkov
16%
2023- ... Défenseur Anglais Alfie Gilchrist
15%
2006-2014 Gardien Portugais Hilario
14%
2012 Milieu Brésilien Lucas Piazon
14%
2015 Défenseur Sénégalais Papy Djilobodji
14%
2021-2022 Milieu Anglais Harvey Vale
13%
2016-2017 Défenseur Nigérian Ola Aina
13%
2014 Attaquant Anglais Dominic Solanke
12%
2013-2015 Gardien Australien Mark Schwarzer
12%
2009-2013 Gardien Anglais Ross Turnbull
12%
2014 Défenseur Tchèque Tomas Kalas
12%
2019-2020 Défenseur Ghanéen Tariq Lamptey
11%
2009-2011 Défenseur Néerlandais Jeffrey Bruma
10%
2021 Attaquant Anglais Jude Soonsup-Bell
9%
2019 Défenseur Anglais Marc Guéhi
9%
2007-2010 Défenseur Brésilien Juliano Belletti
8%
20142022 Milieu Anglais Lewis Baker
8%
2023 Attaquant Jamaicain Omari Hutchinson
8%
2007-2012 Milieu Anglais Sam Hutchinson
8%
2019-2021 Milieu Anglais Tino Anjorin
8%
2021 Milieu Anglais Xavier Simons
8%
2009-2010 Attaquant Italien Fabio Borini
7%
2018 Milieu Américain Kyle Scott
7%
2023 Défenseur Anglais Bashir Humphreys
5%
2010-2011 Défenseur Néerlandais Patrick van Aanholt
5%
2016-2017 Défenseur Anglais Jake Clarke-Salter
4%
2014 Milieu Anglais John Swift
4%
2010 Milieu Anglais Jacob Mellis
3%
2010-2012 Milieu Anglais Josh McEarchran
1%
Aucun quiz correspondant
Distribution des résultats
% des personnes avec chaque résultat
Percentile par nombre de réponses
Votre historique - résultats
Vous n’avez pas pris ce quiz